000 00641nam a2200229Ia 4500
003 OSt
005 20220928103717.0
006 a|||||r|||| 00| 0
007 ta
008 220927b |||||||| |||| 00| 0 hin d
024 _a61916
037 _cTextual
040 _aSDCL
_cSDCL
_bhin
041 _2hin
_ahin
082 _aO15,1D05:g(R), P6
100 _aTiwari Sanjay Kumar
_9406742
245 0 _aAshwa Gosh ki kritiyon ka darshanik adhyayan
260 _aDelhi
_bEastern Book Linkers
_c2006
300 _a24,312p
_ccm.
942 _hO15,1D05:g(R), P6
_cTEXL
_2CC
999 _c722284
_d722284